[Event "GER-ch Net blitz qual3"]
[Site "Playchess.com INT"]
[Date "2020.03.21"]
[Round "3"]
[White "Abel, Dennes"]
[Black "Raghavan, Badrinarayanan"]
[Result "0-1"]
[WhiteElo "2462"]
[BlackElo "1663"]
[PlyCount "70"]
[EventDate "2020.03.21"]
[EventType "swiss (blitz)"]
[EventRounds "9"]
[EventCountry "GER"]
[SourceTitle "CBM 195 Extra"]
[Source "ChessBase"]
[SourceDate "2020.05.31"]
[SourceVersion "1"]
[SourceVersionDate "2020.05.31"]
[SourceQuality "1"]

1. d4 e5 2. dxe5 Nc6 3. Nf3 Qe7 4. Nbd2 Nxe5 5. Nxe5 Qxe5 6. Nf3 Qa5+ 7. Bd2 Qb6 8. b3 d5 9. e3 Nf6 10. Bd3 Be7 11. 0-0 0-0 12. c4 dxc4 13. Bxc4 Ne4 14. Qe2 Bf6 15. Rac1 Re8 16. Rfd1 Bf5 17. Be1 Rad8 18. Rxd8 Rxd8 19. Rd1 c6 20. Rxd8+ Qxd8 21. h3 b5 22. Bd3 Ng3 23. fxg3 Bxd3 24. Qd2 h5 25. Bf2 a6 26. Nd4 Be4 27. Qe2 c5 28. Nf3 Qd5 29. Nd2 Qd3 30. Qd1 Bc3 31. Be1 h4 32. gxh4 Qxe3+ 33. Kh2 Be5+ 34. g3 Bd4 35. Nxe4 Qg1# 0-1

[Event "GER-ch Net blitz qual3"]
[Site "Playchess.com INT"]
[Date "2020.03.21"]
[Round "1"]
[White "Meier, Georg"]
[Black "Raghavan, Badrinarayanan"]
[Result "1-0"]
[WhiteElo "2620"]
[BlackElo "1663"]
[PlyCount "73"]
[EventDate "2020.03.21"]
[EventType "swiss (blitz)"]
[EventRounds "9"]
[EventCountry "GER"]
[SourceTitle "CBM 195 Extra"]
[Source "ChessBase"]
[SourceDate "2020.05.31"]
[SourceVersion "1"]
[SourceVersionDate "2020.05.31"]
[SourceQuality "1"]

1. Nf3 d5 2. g3 Bg4 3. Bg2 Bxf3 4. Bxf3 e6 5. 0-0 f5 6. d3 Nf6 7. c4 c6 8. Nc3 Nbd7 9. cxd5 cxd5 10. e4 d4 11. Ne2 Bc5 12. exf5 e5 13. Bg5 0-0 14. Nc1 Rb8 15. Nb3 Bb6 16. Nd2 h6 17. Bxf6 Qxf6 18. Be4 Nc5 19. Rc1 Nxe4 20. dxe4 Rbc8 21. Nc4 Kh7 22. Qd3 Bd8 23. Rc2 Rc6 24. Rfc1 g6 25. fxg6+ Kg7 26. Kg2 b5 27. Na3 Rxc2 28. Rxc2 a6 29. f3 Qe6 30. Qb3 Qxg6 31. Rc5 Qg5 32. Qd1 Qe3 33. Nc2 Qg5 34. Ne1 Bb6 35. Rc6 Rf6 36. Rxf6 Qxf6 37. Nd3 1-0

[Event "GER-ch Net blitz qual3"]
[Site "Playchess.com INT"]
[Date "2020.03.21"]
[Round "2"]
[White "Raghavan, Badrinarayanan"]
[Black "Sossna, Gerald"]
[Result "1-0"]
[WhiteElo "1663"]
[BlackElo "1569"]
[PlyCount "89"]
[EventDate "2020.03.21"]
[EventType "swiss (blitz)"]
[EventRounds "9"]
[EventCountry "GER"]
[SourceTitle "CBM 195 Extra"]
[Source "ChessBase"]
[SourceDate "2020.05.31"]
[SourceVersion "1"]
[SourceVersionDate "2020.05.31"]
[SourceQuality "1"]

1. e4 e5 2. Nf3 Nc6 3. Nc3 d6 4. Bb5 Bd7 5. 0-0 Nf6 6. d4 exd4 7. Nxd4 Nxd4 8. Bxd7+ Qxd7 9. Qxd4 Be7 10. Rd1 c5 11. Qc4 Qc6 12. a4 0-0 13. f3 a6 14. a5 Nd7 15. Nd5 Rfe8 16. Nxe7+ Rxe7 17. Bf4 Ne5 18. Qc3 Ree8 19. Rd2 Rad8 20. Rad1 h6 21. Bxe5 Rxe5 22. Qxe5 dxe5 23. Rxd8+ Kh7 24. R1d7 Qa4 25. Rxb7 Qxc2 26. Rxf7 Qc1+ 27. Kf2 Qxb2+ 28. Kg3 Qc1 29. Rdd7 Qg5+ 30. Kf2 c4 31. Rxg7+ Qxg7 32. Rxg7+ Kxg7 33. h4 Kf7 34. Ke3 Ke6 35. Kd2 Kd6 36. g4 Kc5 37. Kc3 Kb5 38. g5 hxg5 39. hxg5 Kxa5 40. g6 Kb5 41. g7 a5 42. g8Q a4 43. Qxc4+ Ka5 44. Qb4+ Ka6 45. Qxa4+ 1-0

[Event "GER-ch Net blitz qual2"]
[Site "Playchess.com INT"]
[Date "2020.03.16"]
[Round "8"]
[White "Commercon, Simon"]
[Black "Raghavan, Badrinarayanan"]
[Result "1/2-1/2"]
[WhiteElo "2202"]
[BlackElo "1663"]
[PlyCount "102"]
[EventDate "2020.03.16"]
[EventType "swiss (blitz)"]
[EventRounds "9"]
[EventCountry "GER"]
[SourceTitle "CBM 195 Extra"]
[Source "ChessBase"]
[SourceDate "2020.05.31"]
[SourceVersion "1"]
[SourceVersionDate "2020.05.31"]
[SourceQuality "1"]

1. d4 e5 2. dxe5 Nc6 3. Nf3 Qe7 4. Nc3 Nxe5 5. e3 Nxf3+ 6. Qxf3 c6 7. Bd3 g6 8. Bd2 Bg7 9. 0-0-0 d5 10. h3 Nf6 11. g4 Nd7 12. Qg3 Nc5 13. h4 Nxd3+ 14. cxd3 b5 15. Kb1 b4 16. Ne2 a5 17. h5 Ba6 18. Nc1 0-0-0 19. h6 Be5 20. f4 Bc7 21. Qf3 Rhe8 22. Rhe1 f6 23. e4 dxe4 24. dxe4 Kb7 25. e5 fxe5 26. fxe5 Bb5 27. Bf4 Rf8 28. Qe3 Rxd1 29. Rxd1 Qe6 30. Nb3 Qxg4 31. Nc5+ Ka8 32. Rd4 g5 33. Bxg5 Rf1+ 34. Kc2 Qf5+ 35. Ne4 Qxe5 36. Bd8 c5 37. Bxc7 cxd4 38. Bxe5 dxe3 39. Nc5 Rf2+ 40. Kb3 e2 41. Bd4 e1Q 42. Bxf2 Qxf2 43. a4 Qxc5 44. Ka2 Bxa4 45. b3 Bb5 46. Ka1 a4 47. bxa4 Bxa4 48. Kb2 Qc3+ 49. Ka2 Qb3+ 50. Ka1 Qd1+ 51. Kb2 Bb3 1/2-1/2

[Event "GER-ch Net blitz qual2"]
[Site "Playchess.com INT"]
[Date "2020.03.16"]
[Round "7"]
[White "Fehmer, Dirk"]
[Black "Raghavan, Badrinarayanan"]
[Result "0-1"]
[WhiteElo "2113"]
[BlackElo "1663"]
[PlyCount "92"]
[EventDate "2020.03.16"]
[EventType "swiss (blitz)"]
[EventRounds "9"]
[EventCountry "GER"]
[SourceTitle "CBM 195 Extra"]
[Source "ChessBase"]
[SourceDate "2020.05.31"]
[SourceVersion "1"]
[SourceVersionDate "2020.05.31"]
[SourceQuality "1"]

1. Nf3 d5 2. g3 Bg4 3. Bg2 Bxf3 4. Bxf3 e6 5. c4 c6 6. 0-0 f5 7. b3 Nf6 8. Nc3 Bd6 9. d3 0-0 10. Bb2 e5 11. e4 d4 12. Ne2 fxe4 13. Bxe4 Nxe4 14. dxe4 Na6 15. Nc1 Nc5 16. f3 Qf6 17. Nd3 a5 18. Nxc5 Bxc5 19. Qd3 a4 20. Kg2 Qd6 21. Bc1 axb3 22. Qxb3 Qe6 23. a4 b5 24. a5 bxc4 25. Qa4 Rf7 26. Ba3 Bb6 27. a6 Rfa7 28. Rfc1 Rxa6 29. Qb4 c3 30. h4 c5 31. Qb5 Rxa3 32. Rxa3 Rxa3 33. Rc2 c4 34. Qb4 Rb3 35. Qa4 d3 36. Ra2 h6 37. Qa8+ Kh7 38. Qf8 c2 39. Rb2 c1Q 40. Rf2 Bxf2 41. Qf5+ Qxf5 42. exf5 Bxg3 43. Kxg3 Qf4+ 44. Kf2 Qxf5 45. f4 Qxf4+ 46. Ke1 Rb1# 0-1

[Event "Heusenstamm Sparkassen op-B 6th"]
[Site "Heusenstamm"]
[Date "2019.11.24"]
[Round "6"]
[White "Goff, Simon"]
[Black "Raghavan, Badrinarayanan"]
[Result "1/2-1/2"]
[WhiteElo "1780"]
[BlackElo "1642"]
[PlyCount "72"]
[EventDate "2019.11.21"]
[EventType "swiss"]
[EventRounds "7"]
[EventCountry "GER"]
[SourceTitle "CBM 194 Extra"]
[Source "ChessBase"]
[SourceDate "2020.03.31"]
[SourceVersion "1"]
[SourceVersionDate "2020.03.31"]
[SourceQuality "1"]

1. Nf3 d5 2. d4 Nf6 3. Bf4 c5 4. e3 Nc6 5. Nc3 a6 6. Be2 Bf5 7. Ne5 Qb6 8. Na4 Qa5+ 9. c3 cxd4 10. exd4 e6 11. g4 Bg6 12. h4 h6 13. Nxg6 fxg6 14. Bd3 Kf7 15. Bc2 b5 16. Nc5 Bxc5 17. dxc5 e5 18. g5 hxg5 19. Bxg5 Rad8 20. Rg1 Ne7 21. Qd3 b4 22. Be3 d4 23. Bb3+ Nfd5 24. cxd4 exd4 25. Bxd4 Rxh4 26. 0-0-0 Kf8 27. Qc4 Ke8 28. Rge1 g5 29. Qd3 Kf8 30. Re5 Nf6 31. Qc4 Ned5 32. Rxg5 Qc7 33. Rf5 Qc6 34. Qe2 Rxd4 35. Bxd5 Qxc5+ 36. Kb1 R4xd5 1/2-1/2

[Event "Hofheim Spring op-B 7th"]
[Site "Hofheim"]
[Date "2019.04.27"]
[Round "9"]
[White "Schroeder, Stefan1"]
[Black "Raghavan, Badrinarayanan"]
[Result "1-0"]
[WhiteElo "1760"]
[BlackElo "1627"]
[PlyCount "103"]
[EventDate "2019.04.23"]
[EventType "swiss"]
[EventRounds "9"]
[EventCountry "GER"]
[SourceTitle "CBM 190 Extra"]
[Source "ChessBase"]
[SourceDate "2019.07.15"]
[SourceVersion "1"]
[SourceVersionDate "2019.07.15"]
[SourceQuality "1"]

1. e4 d5 2. exd5 Nf6 3. d4 Bg4 4. f3 Bf5 5. Bb5+ Nbd7 6. Nc3 a6 7. Bd3 Bxd3 8. Qxd3 Nb6 9. Nge2 Nbxd5 10. Nxd5 Nxd5 11. 0-0 e6 12. c4 Nf6 13. Ng3 Be7 14. Be3 0-0 15. Rad1 c6 16. Kh1 Qa5 17. a3 Nh5 18. Ne4 Rad8 19. b4 Qc7 20. f4 f5 21. Nc3 b6 22. Qe2 Nf6 23. Bg1 Qc8 24. Rde1 Kf7 25. d5 cxd5 26. Bxb6 Rd6 27. c5 Rc6 28. Qd3 Ne4 29. Nxe4 dxe4 30. Qe3 h6 31. a4 Qb7 32. b5 axb5 33. axb5 Rcc8 34. c6 Qb8 35. Rd1 Bd6 36. Qd4 Bxf4 37. Qd7+ Kg6 38. Bc5 Rf7 39. Qxe6+ Rf6 40. Qc4 Bxh2 41. Rd7 Be5 42. Rb7 Qa8 43. Qd5 Re8 44. Qd7 Rg8 45. Be7 Qc8 46. Bxf6 Qxd7 47. Rxd7 Kxf6 48. b6 e3 49. c7 e2 50. Re1 Ke6 51. Rd8 Bxc7 52. bxc7 1-0

[Event "Hofheim Spring op-B 7th"]
[Site "Hofheim"]
[Date "2019.04.25"]
[Round "5"]
[White "Emig, Nils"]
[Black "Raghavan, Badrinarayanan"]
[Result "1-0"]
[WhiteElo "1812"]
[BlackElo "1627"]
[PlyCount "103"]
[EventDate "2019.04.23"]
[EventType "swiss"]
[EventRounds "9"]
[EventCountry "GER"]
[SourceTitle "CBM 190 Extra"]
[Source "ChessBase"]
[SourceDate "2019.07.15"]
[SourceVersion "1"]
[SourceVersionDate "2019.07.15"]
[SourceQuality "1"]

1. e4 d5 2. exd5 Nf6 3. d4 Bg4 4. Nf3 Qxd5 5. Be2 Nc6 6. c3 e6 7. Be3 Be7 8. Bf4 Rc8 9. h3 Qe4 10. Be3 Bxf3 11. Bxf3 Qf5 12. Qb3 Na5 13. Qa4+ c6 14. Nd2 Qb5 15. Qxb5 cxb5 16. Be2 a6 17. 0-0 Nd5 18. Rfe1 Nxe3 19. fxe3 0-0 20. Bd3 Rfd8 21. Be4 f5 22. Bf3 e5 23. Nb3 Nxb3 24. axb3 e4 25. Be2 Bh4 26. Rf1 g6 27. c4 bxc4 28. bxc4 Be7 29. c5 Kg7 30. Bc4 Rf8 31. g3 g5 32. Be6 Rc7 33. Bxf5 Re8 34. b4 Bf6 35. Rfb1 h5 36. g4 hxg4 37. hxg4 Rb8 38. Kf2 b6 39. Rh1 Kf8 40. Rxa6 Bg7 41. Ra2 bxc5 42. bxc5 Rcb7 43. Re1 Rf7 44. Rea1 Rfb7 45. Ra8 Rb2+ 46. Kg3 Rxa8 47. Rxa8+ Kf7 48. Bxe4 Ke7 49. Ra7+ Kf8 50. c6 Rb3 51. c7 Rxe3+ 52. Kf2 1-0

[Event "Hofheim Spring op-B 7th"]
[Site "Hofheim"]
[Date "2019.04.25"]
[Round "4"]
[White "Raghavan, Badrinarayanan"]
[Black "Lorenz, Alexander1"]
[Result "1-0"]
[WhiteElo "1627"]
[BlackElo "1748"]
[PlyCount "113"]
[EventDate "2019.04.23"]
[EventType "swiss"]
[EventRounds "9"]
[EventCountry "GER"]
[SourceTitle "CBM 190 Extra"]
[Source "ChessBase"]
[SourceDate "2019.07.15"]
[SourceVersion "1"]
[SourceVersionDate "2019.07.15"]
[SourceQuality "1"]

1. e4 c5 2. Nf3 d6 3. d4 cxd4 4. Nxd4 Nf6 5. Nc3 g6 6. Be3 Bg7 7. f3 0-0 8. Qd2 Nc6 9. g4 h5 10. h3 Bd7 11. 0-0-0 Rc8 12. Bg2 Ne5 13. Bh6 Nc4 14. Qg5 Nh7 15. Qh4 Bxh6+ 16. Kb1 Ne3 17. Rdg1 e5 18. Qxd8 Rfxd8 19. Nde2 Nf6 20. Bf1 Bg7 21. gxh5 Nxh5 22. Nd5 Nxd5 23. exd5 Bf5 24. Nc3 a6 25. a3 Nf4 26. h4 Re8 27. h5 Nxh5 28. Kc1 Bh6+ 29. Kd1 Kg7 30. Ne4 Bxe4 31. fxe4 Bf4 32. Rxh5 Rh8 33. Rxh8 Rxh8 34. Ke2 g5 35. Kd3 Rh4 36. b4 f5 37. exf5 e4+ 38. Kd4 e3 39. Rg2 Kf6 40. Bd3 g4 41. Ke4 g3 42. Kf3 Rh2 43. Re2 Rxe2 44. Bxe2 Kxf5 45. Bf1 Ke5 46. c4 Bg5 47. Kxg3 Kd4 48. Kg4 Bh6 49. Kf5 b5 50. cxb5 axb5 51. Ke6 Bf4 52. Bxb5 Kc3 53. Be2 Kd4 54. a4 Bg5 55. Kxd6 Bh6 56. Ke6 Bf8 57. d6 1-0

[Event "Hofheim Spring op-B 7th"]
[Site "Hofheim"]
[Date "2019.04.24"]
[Round "3"]
[White "Densing, Gerd"]
[Black "Raghavan, Badrinarayanan"]
[Result "1-0"]
[WhiteElo "1802"]
[BlackElo "1627"]
[PlyCount "93"]
[EventDate "2019.04.23"]
[EventType "swiss"]
[EventRounds "9"]
[EventCountry "GER"]
[SourceTitle "CBM 190 Extra"]
[Source "ChessBase"]
[SourceDate "2019.07.15"]
[SourceVersion "1"]
[SourceVersionDate "2019.07.15"]
[SourceQuality "1"]

1. d4 d5 2. Nf3 Nf6 3. e3 Bf5 4. c4 c6 5. Qb3 Qc7 6. Nc3 e6 7. Bd2 Nbd7 8. Nh4 Ne4 9. Nxf5 exf5 10. cxd5 Nxd2 11. Kxd2 c5 12. dxc5 Bxc5 13. Bb5 0-0 14. Bxd7 Qxd7 15. Rhd1 b6 16. g3 Rac8 17. Ke2 Rfd8 18. Rd3 Rc6 19. Qb5 Rd6 20. Qxd7 R6xd7 21. a3 g5 22. Rad1 a6 23. Na4 Bd6 24. Nxb6 Rb7 25. Nc4 Bf8 26. b4 Rc7 27. Na5 Bg7 28. R1d2 Rd6 29. Nc6 h5 30. a4 Kf8 31. b5 axb5 32. axb5 Rb7 33. Rb3 Ke8 34. f3 Kd7 35. e4 fxe4 36. fxe4 Kc7 37. Na5 Rb8 38. Rc2+ Kd8 39. Nc6+ Kc7 40. Nxb8+ Kxb8 41. Rc6 Rd7 42. b6 Be5 43. b7 Rd8 44. Rh6 f6 45. Rxh5 Bd6 46. Rh7 Be5 47. Ra3 1-0